Raising your child, not your voice: (Record no. 14737)

000 -LEADER
fixed length control field 00916nam a2200229 a 4500
001 - CONTROL NUMBER
control field :::00012571$&:&@@
003 - CONTROL NUMBER IDENTIFIER
control field OkBaRHE
005 - DATE AND TIME OF LATEST TRANSACTION
control field 20110504115032.0
008 - FIXED-LENGTH DATA ELEMENTS--GENERAL INFORMATION
fixed length control field s1986 j 000 0 eng u
020 ## - INTERNATIONAL STANDARD BOOK NUMBER
International Standard Book Number 0896933423 (pbk.)
040 ## - CATALOGING SOURCE
Transcribing agency
100 1# - MAIN ENTRY--PERSONAL NAME
Personal name Cuthbertson, Duane.
245 10 - TITLE STATEMENT
Title Raising your child, not your voice:
Remainder of title how to be a parent who's calm, compassionate, and in charge.
260 ## - PUBLICATION, DISTRIBUTION, ETC. (IMPRINT)
Place of publication, distribution, etc Wheaton, IL., :
Name of publisher, distributor, etc Victor Books
Date of publication, distribution, etc 1986
300 ## - PHYSICAL DESCRIPTION
Extent 138 p. ;
Dimensions 21 cm.
650 ## - SUBJECT ADDED ENTRY--TOPICAL TERM
Topical term or geographic name as entry element Child rearing
General subdivision Religious aspects
-- Christianity
650 ## - SUBJECT ADDED ENTRY--TOPICAL TERM
Topical term or geographic name as entry element Discipline of children
650 ## - SUBJECT ADDED ENTRY--TOPICAL TERM
Topical term or geographic name as entry element Parent and child
942 ## - ADDED ENTRY ELEMENTS (KOHA)
Source of classification or shelving scheme
Koha item type Books
Copies
Barcode Total Checkouts Not for loan Date last seen Permanent Location Total Renewals Withdrawn status Current Location Date acquired Date checked out Full call number Copy number Source of classification or shelving scheme Shelving location Damaged status Lost status Koha item type Price effective from
15208  2010-04-14RHEMA Bible Training College   2010-04-14 HQ 769.3 .C87 19862 General Stacks  Books2010-04-14
125711 2011-05-04RHEMA Bible Training College1 RHEMA Bible Training College2010-04-142011-03-10HQ 769.3 .C87 19861 General Stacks  Books2010-04-14